000 00960nac a22002777a 4500
001 BR7405756
003 BR-BrBNA
005 20240105113806.0
008 230509b bl.|||m| |||| 00| 0 por d
040 _aBR-BrBNA
_bpor
_cBiblioteca Nacional de Agricultura
072 _aE70
090 _aE70 BR7405756
110 1 _aFundacao Instituto Brasileiro de Geografia e Estatistica, Rio de Janeiro, GB. Superintendencia de Estatisticas Primarias
_94926
245 1 _aComercio interestadual. Exportacao por vias internas. Amazonas 1972 [Brasil]
260 3 _aRio de Janeiro, GB (Brasil):
_c1974.
300 _a44 p.
490 _aComercio Interestadual. Exportacao por Vias Internas, Amazonas (Brazil)
_v
_x
500 _aNumerical data
650 _aEXPORTACAO
650 _aPRECO
650 _aCOMERCIO INTERNO
650 _aCIRCULACAO DE MERCADORIA
650 _aAMAZONAS
909 _a202312
_bLúcia Elande
_c55
_dLúcia Elande
942 _2AGRIS
_n0
_cMS
999 _c265599
_d265599